Academic performance and health status of primary six school children /
محفوظ في:
| المؤلف الرئيسي: | |
|---|---|
| التنسيق: | أطروحة كتاب |
| اللغة: | English |
| منشور في: |
1989.
|
| الموضوعات: | |
| الوسوم: |
إضافة وسم
لا توجد وسوم, كن أول من يضع وسما على هذه التسجيلة!
|
| LEADER | 00811cam a2200241 a 4500 | ||
|---|---|---|---|
| 001 | u106784 | ||
| 003 | SIRSI | ||
| 008 | 910821s1989 si v 00 1 eng m | ||
| 035 | |a AAL-6435 | ||
| 040 | |a UMM | ||
| 043 | |a a-si--- | ||
| 090 | |a LB1131 |b Yon | ||
| 100 | 1 | 0 | |a Yong, Lik-Sin. |
| 245 | 1 | 0 | |a Academic performance and health status of primary six school children / |c by Yong Lik-Sin. |
| 260 | |c 1989. | ||
| 300 | |a xii, 20 leaves ; |c 29 cm. | ||
| 502 | |a Dissertation (M.Ed.) -- National University of Singapore, 1989. | ||
| 504 | |a Bibliography: leaves 172-181. | ||
| 650 | 0 | |a Academic achievement. | |
| 650 | 0 | |a School children |x Health and hygiene |z Singapore. | |
| 948 | |a 21/08/1991 |b 29/10/2002 | ||
| 596 | |a 1 | ||
| 999 | |a LB1131 YON |w LC |c 1 |i A010823979 |d 2/12/2008 |e 2/12/2008 |l STACKS |m P01UTAMA |n 2 |r Y |s Y |t TESIS |u 2/1/1992 | ||
